| 000 | 00394 a2200145 4500 | ||
|---|---|---|---|
| 005 | 20250516115438.0 | ||
| 082 | _aLECT 371.3 CLA | ||
| 100 | _aCLARK, L. H. | ||
| 245 | _aSecondary School Teaching Methods | ||
| 250 | _a2nd Ed. | ||
| 260 |
_aNew York, _bMacmillan Company, _c1967. |
||
| 300 |
_ax, 501p.: ill.; figure, picture, table. _bIndex. _c24cm. |
||
| 700 | _aSTARR, I. S. | ||
| 942 |
_2ddc _cBKS |
||
| 999 |
_c2398 _d2398 |
||